The World almanac and book of facts, 2004. (Record no. 12410)

000 -LEADER
fixed length control field 00839cam a2200265Ia 4500
020 ## - INTERNATIONAL STANDARD BOOK NUMBER
ISBN 0886879116 (hardcover)
020 ## - INTERNATIONAL STANDARD BOOK NUMBER
ISBN 9780886879112 (hardcover)
020 ## - INTERNATIONAL STANDARD BOOK NUMBER
ISBN 0886879108 (softcover)
020 ## - INTERNATIONAL STANDARD BOOK NUMBER
ISBN 9780886879105 (softcover)
020 ## - INTERNATIONAL STANDARD BOOK NUMBER
ISBN 0886879353 (Otabind ed.)
020 ## - INTERNATIONAL STANDARD BOOK NUMBER
ISBN 9780886879358 (Otabind ed.)
040 ## - CATALOGING SOURCE
Transcribing agency NRK
082 #4 - DEWEY DECIMAL CLASSIFICATION NUMBER
Classification number 317 WOR 2004 A020 Or.
245 04 - TITLE STATEMENT
Title The World almanac and book of facts, 2004.
246 3# - VARYING FORM OF TITLE
Title proper/short title World almanac, 2004
246 30 - VARYING FORM OF TITLE
Title proper/short title Book of facts
260 ## - PUBLICATION, DISTRIBUTION, ETC. (IMPRINT)
Place of publication New York, N.Y. :
Name of publisher World Almanac Books :
-- Distributed to the Book trade by St. Martin's Press,
Year of publication c2004.
300 ## - PHYSICAL DESCRIPTION
Number of Pages 1008 p. :
Other physical details ill. (some col.), col. maps ;
Dimensions 26 cm.
500 ## - GENERAL NOTE
General note Includes indexes.
650 #0 - SUBJECT ADDED ENTRY--TOPICAL TERM
Topical Term Almanacs, American.
650 #0 - SUBJECT ADDED ENTRY--TOPICAL TERM
Topical Term Statistics.
650 #2 - SUBJECT ADDED ENTRY--TOPICAL TERM
Topical Term Almanacs.
650 #2 - SUBJECT ADDED ENTRY--TOPICAL TERM
Topical Term Statistics.
942 ## - ADDED ENTRY ELEMENTS (KOHA)
Koha item type សៀវភៅភាសាអង់គ្លេស
952 ## - LOCATION AND ITEM INFORMATION (KOHA)
Withdrawn status [LOCAL, KOHA] 0
952 ## - LOCATION AND ITEM INFORMATION (KOHA)
Withdrawn status [LOCAL, KOHA] 0
Holdings
Permanent Location Date acquired Koha item type Lost status Shelving location Barcode Current Location Full call number
Library Block A2017-08-14សៀវភៅភាសាអង់គ្លេស A020A16927Library Block A317 WOR 2004 A020 Or.
Library Block A2017-10-11សៀវភៅភាសាអង់គ្លេស A066A14433Library Block A317 WOR 2004 A066 Or.
មជ្ឈមណ្ឌលឯការនៃសាកលវិទ្យាល័យភូមិន្ទកសិកម្មចំការដូង

Powered by Koha